¿Cómo enfrentar la pobreza y la desigualdad? Una perspectiva internacional /
En esta obra, la cual es considerada un best seller en diversos países, analiza las múltiples caras de la pobreza y la desigualdad en el planeta y la región, como lo apunta Henning Jensen, rector de la Universidad de Costa Rica, en la introducción del texto. Además, desmonta los principales mitos y...
Guardado en:
| Hovedforfatter: | |
|---|---|
| Format: | Bog |
| Sprog: | Spanish |
| Udgivet: |
[San José]:
Editorial UCR ;
2014
|
| Fag: | |
| Tags: |
Tilføj Tag
Ingen Tags, Vær først til at tagge denne postø!
|
MARC
| LEADER | 00000nam a2200000 4500 | ||
|---|---|---|---|
| 003 | cru CIDCACS/IIS | ||
| 005 | 20230530112527.0 | ||
| 008 | 220624s2014 cr|||||| |||| 00| 0 spa d | ||
| 020 | |a 978-9968-46-402-4 | ||
| 040 | |a Centro de Recursos para el Aprendizaje y la Investigación |b español |c cru IIS | ||
| 090 | |a 03.02.05 K65co | ||
| 100 | |9 10491 |a Kliksberg, Bernardo | ||
| 245 | 1 | |a ¿Cómo enfrentar la pobreza y la desigualdad? |b Una perspectiva internacional / |c Bernardo Kliksberg | |
| 260 | |a [San José]: |b Editorial UCR ; |c 2014 | ||
| 300 | |a 269 páginas. | ||
| 520 | 3 | |a En esta obra, la cual es considerada un best seller en diversos países, analiza las múltiples caras de la pobreza y la desigualdad en el planeta y la región, como lo apunta Henning Jensen, rector de la Universidad de Costa Rica, en la introducción del texto. Además, desmonta los principales mitos y falacias al respecto, y muestra caminos de salida. | |
| 650 | 0 | 0 | |0 TESAUROS |2 OCDE |9 284 |a POBREZA |
| 650 | 0 | 0 | |2 OCDE |9 289 |a POLITICA SOCIAL |
| 650 | 0 | 0 | |2 OCDE |9 71 |a DESARROLLO ECONOMICO Y SOCIAL |
| 650 | 0 | 0 | |2 OCDE |9 5306 |a DESARROLLO HUMANO |
| 651 | 0 | |9 17 |a AMERICA LATINA | |
| 852 | 1 | 1 | |a 03.02.05 K65co |
| 942 | |2 ddc |c LI |h 03.02.05 K65co |k 03.02.05 |m K65co |6 030205_K65CO | ||
| 999 | |c 44327 |d 44327 | ||



